[Event "COL-chT (Women)"]
[Site "Santa Marta"]
[Date "2022.11.03"]
[Round "2.2"]
[White "Chirivi Castiblanco, Jenny Astrid"]
[Black "Chirivi Castiblanco, Angie Lizeth"]
[Result "1-0"]
[WhiteElo "2132"]
[BlackElo "2067"]
[PlyCount "77"]
[EventDate "2022.11.02"]
[EventType "team-swiss"]
[EventRounds "7"]
[EventCountry "COL"]
[SourceTitle "CBM 211 Extra"]
[Source "ChessBase"]
[SourceDate "2023.01.31"]
[SourceVersion "1"]
[SourceVersionDate "2023.01.31"]
[SourceQuality "1"]
[WhiteTeam "Antioquia (W)"]
[BlackTeam "Antioquia (W) II"]
[WhiteTeamCountry "COL"]
[BlackTeamCountry "COL"]

1. d4 Nf6 2. c4 e6 3. Nc3 Bb4 4. Qc2 c5 5. dxc5 Bxc5 6. Nf3 h6 7. Bf4 a6 8. e3 0-0 9. Be2 Nc6 10. 0-0 Nh5 11. Bg3 Nxg3 12. hxg3 Qe7 13. a3 Ba7 14. Rfd1 Rd8 15. Rd2 Bb8 16. Na4 Bc7 17. Rad1 Rb8 18. c5 d5 19. cxd6 Rxd6 20. Rxd6 Bxd6 21. Nd2 Bd7 22. Ne4 Bc7 23. b4 Be8 24. Nac5 Ne5 25. Nd2 Bc6 26. Ndb3 Rd8 27. Nd4 a5 28. b5 Be8 29. Nxb7 Rb8 30. Nc5 Bd6 31. Na6 Rd8 32. a4 Qf6 33. Qc3 Be7 34. Qxa5 Qg6 35. Qc7 Bf6 36. a5 h5 37. b6 h4 38. gxh4 Bxh4 39. Qxe5 1-0

[Event "Medellin Easter op 10th"]
[Site "Medellin"]
[Date "2022.04.14"]
[Round "3"]
[White "Marin, Sebastian"]
[Black "Chirivi Castiblanco, Angie Lizeth"]
[Result "1-0"]
[WhiteElo "2319"]
[BlackElo "2088"]
[PlyCount "49"]
[EventDate "2022.04.13"]
[EventType "swiss"]
[EventRounds "8"]
[EventCountry "COL"]
[SourceTitle "CBM 207 Extra"]
[Source "ChessBase"]
[SourceDate "2022.05.31"]
[SourceVersion "1"]
[SourceVersionDate "2022.05.31"]
[SourceQuality "1"]

1. e4 e5 2. Nf3 Nc6 3. Bb5 a6 4. Ba4 Nf6 5. 0-0 Be7 6. Re1 b5 7. Bb3 0-0 8. h3 Bb7 9. d3 d6 10. c3 Na5 11. Bc2 c5 12. d4 cxd4 13. cxd4 Qc7 14. Nc3 Rfc8 15. Bd3 b4 16. Na4 exd4 17. Nxd4 d5 18. e5 Ne4 19. Bf4 Bh4 20. Bxe4 dxe4 21. Nf5 Bd8 22. Qg4 g6 23. Rac1 Bc6 24. e6 Qa7 25. exf7+ 1-0

[Event "COL-ch Blitz (Women)"]
[Site "Villavicencio"]
[Date "2021.11.15"]
[Round "13"]
[White "Chirivi Castiblanco, Angie Lizeth"]
[Black "Chirivi Castiblanco, Jenny Astrid"]
[Result "1/2-1/2"]
[WhiteElo "1977"]
[BlackElo "1994"]
[PlyCount "71"]
[EventDate "2021.11.15"]
[EventType "swiss (blitz)"]
[EventRounds "13"]
[EventCountry "COL"]
[SourceTitle "CBM 205 Extra"]
[Source "ChessBase"]
[SourceDate "2022.01.31"]
[SourceVersion "1"]
[SourceVersionDate "2022.01.31"]
[SourceQuality "1"]

1. Nf3 d5 2. g3 Nf6 3. Bg2 c6 4. b3 Bg4 5. Ne5 Bf5 6. Bb2 Nbd7 7. 0-0 Nxe5 8. Bxe5 h6 9. d3 e6 10. Nd2 Bh7 11. Bb2 Be7 12. c4 0-0 13. e4 dxe4 14. dxe4 Bb4 15. e5 Qxd2 16. Qxd2 Bxd2 17. exf6 gxf6 18. Bxf6 Bg5 19. Bc3 Rfd8 20. Rfd1 Bc2 21. Rd4 Rxd4 22. Bxd4 a6 23. Bb6 Bd8 24. Be3 Bg5 25. Bxg5 hxg5 26. Rc1 Bg6 27. Rd1 Rc8 28. h4 gxh4 29. gxh4 Rc7 30. Bf3 Bf5 31. Kg2 Kg7 32. Kg3 e5 33. Rd2 Rd7 34. Rxd7 Bxd7 35. Be4 f5 36. Bc2 1/2-1/2

[Event "COL-ch Blitz (Women)"]
[Site "Villavicencio"]
[Date "2021.11.15"]
[Round "2"]
[White "Chirivi Castiblanco, Angie Lizeth"]
[Black "Hernandez Bermudez, Manuela"]
[Result "1-0"]
[WhiteElo "1977"]
[BlackElo "1819"]
[PlyCount "91"]
[EventDate "2021.11.15"]
[EventType "swiss (blitz)"]
[EventRounds "13"]
[EventCountry "COL"]
[SourceTitle "CBM 205 Extra"]
[Source "ChessBase"]
[SourceDate "2022.01.31"]
[SourceVersion "1"]
[SourceVersionDate "2022.01.31"]
[SourceQuality "1"]

1. Nf3 Nf6 2. g3 g6 3. b3 Bg7 4. Bb2 0-0 5. Bg2 d5 6. 0-0 c5 7. d4 cxd4 8. Bxd4 Nc6 9. Bb2 Bf5 10. Na3 Rc8 11. c4 dxc4 12. Nxc4 Qc7 13. Rc1 Rfd8 14. Qe1 Qb8 15. Nfe5 Be4 16. f3 Bd5 17. e4 Be6 18. Kh1 b5 19. Nxc6 Rxc6 20. Ne5 Rxc1 21. Qxc1 Rc8 22. Qd2 Rd8 23. Qb4 Nd7 24. Nc6 Qb6 25. Nxd8 Qxd8 26. Bxg7 Kxg7 27. Qxb5 Qc7 28. f4 a5 29. Qd3 f6 30. f5 Bf7 31. fxg6 hxg6 32. e5 Nxe5 33. Qe2 Qd6 34. Rd1 Qb6 35. Re1 Be6 36. h3 Bf5 37. Kh2 Bd3 38. Qd2 Qc5 39. Rc1 Qd6 40. Rd1 Qa6 41. Rc1 Bf5 42. Rc5 a4 43. bxa4 Qxa4 44. Rc7 Kf7 45. Qd8 Qb3 46. axb3 1-0

[Event "COL-ch Rapid (Women)"]
[Site "Villavicencio"]
[Date "2021.11.14"]
[Round "4"]
[White "Chirivi Castiblanco, Angie Lizeth"]
[Black "Castrillon Gomez, Melissa"]
[Result "0-1"]
[WhiteElo "1882"]
[BlackElo "2150"]
[PlyCount "76"]
[EventDate "2021.11.13"]
[EventType "swiss (rapid)"]
[EventRounds "9"]
[EventCountry "COL"]
[SourceTitle "CBM 205 Extra"]
[Source "ChessBase"]
[SourceDate "2022.01.31"]
[SourceVersion "1"]
[SourceVersionDate "2022.01.31"]
[SourceQuality "1"]

1. Nf3 d5 2. g3 Nf6 3. Bg2 c6 4. b3 Bf5 5. Bb2 e6 6. 0-0 Be7 7. d3 h6 8. Nbd2 0-0 9. c4 Nbd7 10. Rc1 Re8 11. Rc2 Bd6 12. Qa1 e5 13. cxd5 cxd5 14. Rfc1 Bh7 15. Nf1 e4 16. Nd4 exd3 17. exd3 Bxd3 18. Rd2 Be4 19. Nb5 Be5 20. Bxe4 Nxe4 21. Rxd5 Qf6 22. Rc2 Bxb2 23. Qxb2 Ne5 24. Re2 Nf3+ 25. Kg2 Qc6 26. Ne3 Nf6 27. Nc3 Nd4 28. Rd2 Nxd5 29. Ncxd5 Rxe3 30. Qxd4 Re1 31. f3 Rae8 32. Rf2 Qc1 33. Qg4 Rg1+ 34. Kh3 Qg5 35. Qxg5 hxg5 36. Nc3 f6 37. Ne4 Kh7 38. Rc2 Kg6 0-1

[Event "COL-ch Rapid (Women)"]
[Site "Villavicencio"]
[Date "2021.11.13"]
[Round "3"]
[White "Chirivi Castiblanco, Angie Lizeth"]
[Black "Parada Beltran, Laura Valentina"]
[Result "1-0"]
[WhiteElo "1882"]
[BlackElo "1541"]
[PlyCount "49"]
[EventDate "2021.11.13"]
[EventType "swiss (rapid)"]
[EventRounds "9"]
[EventCountry "COL"]
[SourceTitle "CBM 205 Extra"]
[Source "ChessBase"]
[SourceDate "2022.01.31"]
[SourceVersion "1"]
[SourceVersionDate "2022.01.31"]
[SourceQuality "1"]

1. Nf3 d5 2. g3 Bg4 3. Ne5 Bf5 4. Bg2 Nf6 5. 0-0 Nbd7 6. d4 e6 7. b3 c5 8. Bb2 Bd6 9. Nf3 0-0 10. Na3 a6 11. c4 Qe7 12. cxd5 exd5 13. dxc5 Nxc5 14. Nc2 Rac8 15. Rc1 Rfe8 16. Bxf6 Qxf6 17. Qxd5 Rxe2 18. Ncd4 Be4 19. Qg5 Bxf3 20. Qxf6 gxf6 21. Bxf3 Ree8 22. Nf5 Be5 23. b4 Nd3 24. Rxc8 Rxc8 25. Ne7+ 1-0

[Event "Medellin Raza op"]
[Site "Medellin"]
[Date "2021.10.07"]
[Round "3"]
[White "Chirivi Castiblanco, Angie Lizeth"]
[Black "Chirivi Castiblanco, Jenny Astrid"]
[Result "1/2-1/2"]
[WhiteElo "2048"]
[BlackElo "2170"]
[PlyCount "57"]
[EventDate "2021.10.06"]
[EventType "swiss"]
[EventRounds "9"]
[EventCountry "COL"]
[SourceTitle "EXT 2023"]
[Source "ChessBase"]
[SourceDate "2022.10.05"]
[SourceVersion "1"]
[SourceVersionDate "2022.10.05"]
[SourceQuality "1"]

1. Nf3 d5 2. g3 c6 3. Bg2 Bf5 4. b3 Nd7 5. Bb2 h6 6. 0-0 Ngf6 7. d4 e6 8. c4 Bd6 9. Nbd2 0-0 10. h3 Ne4 11. Ne5 Nxd2 12. Qxd2 Nf6 13. a3 a5 14. c5 Bc7 15. b4 Ne4 16. Qc1 axb4 17. axb4 Rxa1 18. Qxa1 Qa8 19. Qxa8 Rxa8 20. Ra1 Rxa1+ 21. Bxa1 Kf8 22. Kf1 Ke7 23. Ke1 Bh7 24. g4 f6 25. Nd3 Ng5 26. Kd2 Ne4+ 27. Ke1 Ng5 28. Kd2 Ne4+ 29. Ke1 1/2-1/2

[Event "Feria de las Flores 28th"]
[Site "Medellin"]
[Date "2021.08.06"]
[Round "5"]
[White "Chirivi Castiblanco, Angie Lizeth"]
[Black "Narvaez Ramirez, Faber Alberto"]
[Result "1-0"]
[WhiteElo "2030"]
[BlackElo "2101"]
[PlyCount "125"]
[EventDate "2021.08.04"]
[EventType "swiss"]
[EventRounds "9"]
[EventCountry "COL"]
[SourceTitle "EXT 2022"]
[Source "ChessBase"]
[SourceDate "2021.10.06"]
[SourceVersion "1"]
[SourceVersionDate "2021.10.06"]
[SourceQuality "1"]

1. Nf3 Nf6 2. g3 g6 3. Bg2 Bg7 4. 0-0 0-0 5. c4 c5 6. Nc3 d5 7. d4 cxd4 8. Qxd4 Nc6 9. Qh4 dxc4 10. Qxc4 Bg4 11. Rd1 Qa5 12. Nd5 Bxf3 13. Bxf3 Nxd5 14. Bxd5 Rac8 15. Be3 e6 16. Bxc6 Rxc6 17. Qb3 b6 18. Rd7 h5 19. h4 Qf5 20. Rxa7 Rc2 21. Qxb6 Rxb2 22. Qa6 Qg4 23. Re1 Bc3 24. Rc1 Be5 25. Qc4 Qxe2 26. Qxe2 Rxe2 27. Kf1 Rb2 28. Rd1 Bb8 29. Ra8 Be5 30. Rdd8 Rxd8 31. Rxd8+ Kg7 32. a4 Ra2 33. Ra8 Bc7 34. Rc8 Bd6 35. Ra8 Bc7 36. Rc8 Bd6 37. Rc6 Bb8 38. Ra6 Bc7 39. Bd4+ e5 40. Be3 Rc2 41. Ra7 Kf6 42. a5 Ke6 43. a6 Ra2 44. Ra8 Kd6 45. a7 Kc6 46. Rb8 Rxa7 47. Bxa7 Bxb8 48. Bxb8 Kd5 49. Ke2 Ke4 50. Bc7 f6 51. Bd8 Kf5 52. Ke3 g5 53. hxg5 fxg5 54. Be7 Kg4 55. Ke4 h4 56. gxh4 gxh4 57. Bxh4 Kxh4 58. Kxe5 Kg5 59. f4+ Kg6 60. Ke6 Kg7 61. f5 Kf8 62. Kf6 Ke8 63. Kg7 1-0

[Event "Feria de las Flores 28th"]
[Site "Medellin"]
[Date "2021.08.04"]
[Round "1"]
[White "Chirivi Castiblanco, Angie Lizeth"]
[Black "Negron Lizarazo, Juan Sebastian"]
[Result "1-0"]
[WhiteElo "2030"]
[BlackElo "1273"]
[PlyCount "101"]
[EventDate "2021.08.04"]
[EventType "swiss"]
[EventRounds "9"]
[EventCountry "COL"]
[SourceTitle "EXT 2022"]
[Source "ChessBase"]
[SourceDate "2021.10.06"]
[SourceVersion "1"]
[SourceVersionDate "2021.10.06"]
[SourceQuality "1"]

1. Nf3 c5 2. g3 Nc6 3. d4 d5 4. Bg2 Bf5 5. 0-0 e6 6. c4 Nf6 7. Nc3 Be7 8. cxd5 Nxd5 9. Nxd5 exd5 10. dxc5 Bxc5 11. Bg5 Be7 12. Bf4 0-0 13. Qb3 Na5 14. Qa4 Nc4 15. Nd4 Be6 16. Nxe6 fxe6 17. b3 Nb6 18. Qd4 Bf6 19. Be5 Rc8 20. Rac1 Qe7 21. Bh3 Qf7 22. Bxf6 Qxf6 23. Qxf6 Rxf6 24. Rxc8+ Nxc8 25. Rc1 Nd6 26. Rc7 h5 27. Re7 Ne4 28. Rxb7 Nxf2 29. Bxe6+ Rxe6 30. Kxf2 Ra6 31. a4 Kf8 32. Ke3 Re6+ 33. Kd2 a6 34. e3 Rf6 35. Ke2 Rc6 36. Kd3 Rf6 37. a5 Rf2 38. Rb6 Rxh2 39. Rxa6 Rg2 40. Ra8+ Kf7 41. a6 Rb2 42. Kc3 Re2 43. a7 Rxe3+ 44. Kb4 Re4+ 45. Kc5 Re7 46. Kxd5 Kg6 47. b4 Kg5 48. b5 Kg4 49. b6 Kxg3 50. Rh8 h4 51. a8Q 1-0

[Event "COL-ch (Women)"]
[Site "Fusagasuga"]
[Date "2020.12.04"]
[Round "5"]
[White "Argote Heredia, Valentina"]
[Black "Chirivi Castiblanco, Angie Lizeth"]
[Result "1/2-1/2"]
[WhiteElo "2192"]
[BlackElo "1991"]
[PlyCount "87"]
[EventDate "2020.12.01"]
[EventType "tourn"]
[EventRounds "11"]
[EventCountry "COL"]
[SourceTitle "CBM 199 Extra"]
[Source "ChessBase"]
[SourceDate "2021.01.31"]
[SourceVersion "1"]
[SourceVersionDate "2021.01.31"]
[SourceQuality "1"]

1. e4 e5 2. Nf3 Nc6 3. Bb5 Nf6 4. 0-0 Nxe4 5. Re1 Nd6 6. Bxc6 dxc6 7. Nxe5 Be7 8. d4 0-0 9. Nc3 Be6 10. b3 Nf5 11. Ne2 c5 12. Ba3 cxd4 13. Bxe7 Qxe7 14. Nxd4 Nxd4 15. Qxd4 Rfd8 16. Qf4 Qd6 17. Qf3 Bd5 18. Qg4 Be6 19. Qf3 Bd5 20. Qh5 f6 21. Nd3 Bf7 22. Qg4 Re8 23. h4 Qc6 24. Nb4 Qc3 25. Rxe8+ Rxe8 26. Rd1 h5 27. Qf4 Re1+ 28. Rxe1 Qxe1+ 29. Kh2 a5 30. Nd3 Qc3 31. Qc1 Bg6 32. Ne1 Qd4 33. Kg1 Qxh4 34. Nf3 Qe4 35. Qd2 Qxc2 36. Qxa5 b6 37. Qd5+ Kh7 38. a4 Qc3 39. Kh2 c6 40. Qe6 Bc2 41. Qe8 Bg6 42. Qe6 Bc2 43. Qe8 Bg6 44. Qe6 1/2-1/2

[Event "COL-chT rapid Online"]
[Site "Chess.com INT"]
[Date "2020.09.20"]
[Round "4.4"]
[White "Herrera, Milena"]
[Black "Chirivi Castiblanco, Angie Lizeth"]
[Result "1-0"]
[WhiteElo "2091"]
[BlackElo "1882"]
[PlyCount "125"]
[EventDate "2020.09.19"]
[EventType "team-tourn (rapid)"]
[EventRounds "5"]
[EventCountry "COL"]
[SourceTitle "CBM 198 Extra"]
[Source "ChessBase"]
[SourceDate "2020.11.30"]
[SourceVersion "1"]
[SourceVersionDate "2020.11.30"]
[SourceQuality "1"]
[WhiteTeam "Antioquia II"]
[BlackTeam "Antioquia III"]
[WhiteTeamCountry "COL"]
[BlackTeamCountry "COL"]

1. c4 Nf6 2. g3 g6 3. Bg2 d5 4. cxd5 Nxd5 5. Nc3 Nb6 6. d3 Bg7 7. Be3 0-0 8. h4 h5 9. Qd2 Nc6 10. Bxc6 bxc6 11. Rc1 Bb7 12. Nf3 Nd5 13. Bh6 Nf6 14. Bxg7 Kxg7 15. Na4 Rb8 16. Nc5 Bc8 17. b3 Qd6 18. Qc3 Kg8 19. Ne4 Nxe4 20. dxe4 Rb6 21. 0-0 Bg4 22. Rfd1 Qb4 23. Qxb4 Rxb4 24. Nd4 Rb6 25. Nxc6 Bxe2 26. Nxe7+ Kg7 27. Re1 Bg4 28. Rxc7 Ra6 29. a4 Rb8 30. Rc3 Be6 31. Nd5 Rd6 32. Rd1 f5 33. f3 fxe4 34. fxe4 Kh6 35. Rcd3 a5 36. R1d2 Bf7 37. Kf2 g5 38. Ke3 gxh4 39. gxh4 Rg8 40. Rf2 Rg7 41. Rf6+ Rxf6 42. Nxf6 Rg6 43. e5 Rg1 44. Kd4 Rh1 45. Kc5 Rxh4 46. Kd6 Rb4 47. Nd5 Re4 48. Rf3 Kg7 49. Rg3+ Kh6 50. Rf3 Kg7 51. Nf6 Rd4+ 52. Ke7 h4 53. e6 Bg6 54. Ne8+ Kh6 55. Nd6 Kh5 56. Nf7 Rd1 57. Kf6 Re1 58. Ne5 Be8 59. e7 Re2 60. Ke6 Re1 61. Rf8 h3 62. Rxe8 Kg5 63. Rh8 1-0

[Event "COL-chT rapid Online"]
[Site "Chess.com INT"]
[Date "2020.09.19"]
[Round "1.4"]
[White "Chirivi Castiblanco, Jenny Astrid"]
[Black "Chirivi Castiblanco, Angie Lizeth"]
[Result "1/2-1/2"]
[WhiteElo "2094"]
[BlackElo "1882"]
[PlyCount "69"]
[EventDate "2020.09.19"]
[EventType "team-tourn (rapid)"]
[EventRounds "5"]
[EventCountry "COL"]
[SourceTitle "CBM 198 Extra"]
[Source "ChessBase"]
[SourceDate "2020.11.30"]
[SourceVersion "1"]
[SourceVersionDate "2020.11.30"]
[SourceQuality "1"]
[WhiteTeam "Antioquia"]
[BlackTeam "Antioquia III"]
[WhiteTeamCountry "COL"]
[BlackTeamCountry "COL"]

1. d4 Nf6 2. c4 g6 3. Nc3 d5 4. Nf3 Bg7 5. Bf4 0-0 6. e3 c5 7. dxc5 Qa5 8. Rc1 dxc4 9. Bxc4 Qxc5 10. Bb3 Nc6 11. 0-0 Qa5 12. h3 Bf5 13. Qe2 Ne4 14. Nxe4 Bxe4 15. Ng5 Bd5 16. Bxd5 Qxd5 17. b3 h6 18. Nf3 Rfd8 19. Rfd1 Qa5 20. e4 Rxd1+ 21. Rxd1 Rd8 22. Rxd8+ Qxd8 23. g3 Nd4 24. Nxd4 Qxd4 25. Kg2 a6 26. Qe3 Qb2 27. Qd2 Qxd2 28. Bxd2 e6 29. f3 Kf8 30. Kf2 Ke7 31. Ke2 Kd6 32. Kd3 f5 33. exf5 exf5 34. g4 fxg4 35. fxg4 1/2-1/2

[Event "COL-chT rapid Online"]
[Site "Chess.com INT"]
[Date "2020.09.19"]
[Round "2.4"]
[White "Ruiz Jaraba, Valentina Sofia"]
[Black "Chirivi Castiblanco, Angie Lizeth"]
[Result "0-1"]
[WhiteElo "1653"]
[BlackElo "1882"]
[PlyCount "138"]
[EventDate "2020.09.19"]
[EventType "team-tourn (rapid)"]
[EventRounds "5"]
[EventCountry "COL"]
[SourceTitle "CBM 198 Extra"]
[Source "ChessBase"]
[SourceDate "2020.11.30"]
[SourceVersion "1"]
[SourceVersionDate "2020.11.30"]
[SourceQuality "1"]
[WhiteTeam "Atlantico"]
[BlackTeam "Antioquia III"]
[WhiteTeamCountry "COL"]
[BlackTeamCountry "COL"]

1. e4 e5 2. Nf3 Nc6 3. Bb5 a6 4. Ba4 Nf6 5. d3 d6 6. c3 Be7 7. 0-0 b5 8. Bc2 0-0 9. h3 Nb8 10. d4 Nbd7 11. Re1 Re8 12. a4 Bb7 13. Nbd2 Bf8 14. b3 g6 15. Bb2 Bg7 16. d5 c5 17. a5 Nh5 18. Kh2 Rc8 19. c4 b4 20. Nf1 Nf8 21. Bc1 Rc7 22. Be3 Bc8 23. Ra2 h6 24. Qc1 Kh7 25. g3 Rce7 26. Nh4 Bd7 27. Bd1 Nf6 28. f3 Ng8 29. g4 f5 30. gxf5 gxf5 31. Nxf5 Bxf5 32. exf5 Rf7 33. Ng3 Qh4 34. Rg2 Nf6 35. Bc2 Kh8 36. Bf2 Qf4 37. Be3 Qh4 38. Reg1 N8h7 39. Kh1 Nh5 40. Nxh5 Qxh5 41. Kh2 e4 42. fxe4 Be5+ 43. Bf4 Nf6 44. Bd1 Qh4 45. Bxe5 Rxe5 46. Rg6 Kh7 47. Bg4 Rxe4 48. Qd2 Rfe7 49. Rg2 Nxg4+ 50. R6xg4 Rxg4 51. Rxg4 Qf6 52. Rg6 Qh4 53. f6 Rf7 54. Rg7+ Rxg7 55. fxg7 Kxg7 56. Qg2+ Kf6 57. Qf3+ Ke5 58. Kg2 Qe4 59. h4 Qxf3+ 60. Kxf3 Kd4 61. Kg4 Kc3 62. Kh5 Kxb3 63. Kxh6 Kxc4 64. Kg6 b3 65. h5 b2 66. h6 b1Q+ 67. Kg7 Kxd5 68. h7 Qxh7+ 69. Kxh7 c4 0-1

[Event "Speed Chess (Women) Q2"]
[Site "Chess.com INT"]
[Date "2020.06.19"]
[Round "6"]
[White "Eswaran, Aksithi"]
[Black "Chirivi Castiblanco, Angie Lizeth"]
[Result "1-0"]
[WhiteElo "1745"]
[BlackElo "1999"]
[PlyCount "125"]
[EventDate "2020.06.19"]
[EventType "swiss (blitz)"]
[EventRounds "13"]
[EventCountry "USA"]
[SourceTitle "CBM 196 Extra"]
[Source "ChessBase"]
[SourceDate "2020.07.31"]
[SourceVersion "1"]
[SourceVersionDate "2020.07.31"]
[SourceQuality "1"]

1. e4 e5 2. Nf3 Nc6 3. Bc4 Bc5 4. c3 Nf6 5. d4 exd4 6. e5 d5 7. Bb5 Ne4 8. cxd4 Bb6 9. Nc3 Nxc3 10. bxc3 0-0 11. 0-0 Ne7 12. Bd3 c5 13. Qc2 Ng6 14. h3 c4 15. Be2 h6 16. Nh2 Qh4 17. Nf3 Qe7 18. a4 Bc7 19. Ba3 Qe8 20. Bxf8 Qxf8 21. Nh2 f5 22. f4 Be6 23. Bf3 Nh4 24. Rfb1 b6 25. Qf2 g5 26. g3 Ng6 27. Bh5 Ne7 28. Nf3 Qg7 29. Kh2 Kh8 30. Rg1 Nc6 31. Nd2 Na5 32. Qe3 Bd8 33. Rab1 Be7 34. Nf3 Rg8 35. Rbf1 g4 36. hxg4 fxg4 37. Nd2 Bf5 38. Kg2 Nc6 39. Rh1 Bf8 40. Kf2 Qe7 41. Ke2 Qa3 42. Rh4 Kg7 43. Bxg4 Bxg4+ 44. Rxg4+ Kh7 45. Rxg8 Kxg8 46. f5 Kf7 47. e6+ Ke8 48. f6 a5 49. e7 Nxe7 50. fxe7 Bxe7 51. Re1 Kd8 52. Kf2 Bg5 53. Qe8+ Kc7 54. Qe5+ Kd8 55. Qxd5+ Kc7 56. Qxc4+ Kb7 57. Qd3 Qd6 58. Ne4 Qf8+ 59. Kg2 Bd8 60. d5 Ka7 61. Rf1 Qa3 62. Rf7+ Ka8 63. Qa6+ 1-0

[Event "Speed Chess (Women) Q2"]
[Site "Chess.com INT"]
[Date "2020.06.19"]
[Round "8"]
[White "Sharmin, Samiha Shimmi"]
[Black "Chirivi Castiblanco, Angie Lizeth"]
[Result "1-0"]
[WhiteElo "1812"]
[BlackElo "1999"]
[PlyCount "139"]
[EventDate "2020.06.19"]
[EventType "swiss (blitz)"]
[EventRounds "13"]
[EventCountry "USA"]
[SourceTitle "CBM 196 Extra"]
[Source "ChessBase"]
[SourceDate "2020.07.31"]
[SourceVersion "1"]
[SourceVersionDate "2020.07.31"]
[SourceQuality "1"]

1. e4 e5 2. Nf3 Nc6 3. Bc4 Bc5 4. 0-0 Nf6 5. d3 d6 6. a4 a6 7. h3 0-0 8. Re1 Ne7 9. c3 Ng6 10. Nbd2 Nf4 11. Nf1 Bxh3 12. gxh3 Nxh3+ 13. Kg2 Nxf2 14. Qe2 Qd7 15. d4 exd4 16. Qxf2 dxc3 17. Qh4 Rae8 18. Ng5 h6 19. Nxf7 Rxf7 20. Bxf7+ Qxf7 21. Ng3 Re5 22. Nf5 Nxe4 23. Rxe4 Qxf5 24. Rxe5 dxe5 25. bxc3 Qc2+ 26. Kh1 Qd1+ 27. Kg2 Qg1+ 28. Kh3 Qf1+ 29. Kg4 Qe2+ 30. Kf5 Qd3+ 31. Kg4 Qxc3 32. Qd8+ Kh7 33. Ra2 Qc4+ 34. Kf5 Qxa2 35. Qd3 Qf7+ 36. Kxe5+ Kg8 37. Qd8+ Bf8 38. Qd4 Qf6+ 39. Ke4 Qe6+ 40. Kd3 Qf5+ 41. Kd2 h5 42. Bb2 Qg6 43. Qc4+ Kh7 44. Qf4 Qh6 45. Ke3 Qxf4+ 46. Kxf4 g6 47. Kg5 Be7+ 48. Kf4 Kh6 49. Be5 g5+ 50. Kf5 c6 51. Bc7 g4 52. a5 g3 53. Bxg3 h4 54. Bh2 Kg7 55. Ke6 Kf8 56. Kd7 c5 57. Kc7 c4 58. Kxb7 c3 59. Bf4 c2 60. Kxa6 h3 61. Kb7 h2 62. a6 h1Q+ 63. Kb8 Qb1+ 64. Kc8 c1Q+ 65. Bxc1 Qxc1+ 66. Kb7 Qb1+ 67. Kc8 Qa2 68. Kb7 Qb3+ 69. Kc8 Qa4 70. Kb7 1-0